[Event "24. OL Malta"]
[Site "Malta"]
[Date "1980.??.??"]
[Round "1.1"]
[White "Jakobsen, Ole"]
[Black "Gonda, Gentaro"]
[Result "1-0"]
[WhiteElo "2410"]
[BlackElo "2225"]
[PlyCount "73"]
[EventDate "1980.??.??"]
[WhiteTeam "Denmark"]
[BlackTeam "Japan"]

1. d4 Nf6 2. c4 e6 3. Nc3 Bb4 4. Nf3 c5 5. g3 cxd4 6. Nxd4 Ne4 7. Qd3 Qa5 8.
Nb3 Nxc3 9. Bd2 Ne4 10. Qxe4 Bxd2+ 11. Nxd2 O-O 12. Bg2 Nc6 13. Qc2 d5 14. O-O
dxc4 15. Nxc4 Qc5 16. Rfd1 Nd4 17. Qe4 Qxc4 18. Rxd4 Qc7 19. Rad1 f5 20. Rc4
Qe7 21. Qe5 Rd8 22. Rxd8+ Qxd8 23. Rd4 Qe7 24. h4 h6 25. h5 Kh7 26. Rc4 Bd7 27.
Bxb7 Rg8 28. Rc7 Qe8 29. Bf3 a5 30. Qd6 Bc8 31. Qc5 a4 32. Qe5 Bd7 33. b4 axb3
34. axb3 Qb8 35. Bb7 Qd8 36. b4 Bb5 37. Bc8 1-0

[Event "24. OL Malta"]
[Site "Malta"]
[Date "1980.??.??"]
[Round "1.4"]
[White "Sakurai, Takayuki"]
[Black "Mortensen, Erling"]
[Result "0-1"]
[WhiteElo "2225"]
[BlackElo "2400"]
[PlyCount "48"]
[EventDate "1980.??.??"]
[WhiteTeam "Japan"]
[BlackTeam "Denmark"]

1. d4 Nf6 2. c4 g6 3. Nc3 Bg7 4. e4 d6 5. Be2 O-O 6. Bg5 Nbd7 7. Qd2 c6 8. h4
e5 9. d5 Nc5 10. Bf3 Qa5 11. h5 Nb3 12. axb3 Qxa1+ 13. Nd1 cxd5 14. Bxf6 Bxf6
15. hxg6 hxg6 16. cxd5 Bd7 17. Ne2 Rfc8 18. g3 Qa6 19. Kf1 Qb6 20. Ne3 Bg5 21.
Nc3 Bxe3 22. fxe3 Kg7 23. g4 Rh8 24. Rg1 g5 0-1

[Event "24. OL Malta"]
[Site "Malta"]
[Date "1980.??.??"]
[Round "2.1"]
[White "Timman, Jan H"]
[Black "Jakobsen, Ole"]
[Result "1/2-1/2"]
[WhiteElo "2600"]
[BlackElo "2410"]
[PlyCount "71"]
[EventDate "1980.??.??"]
[WhiteTeam "Netherlands"]
[BlackTeam "Denmark"]

1. d4 Nf6 2. c4 e6 3. Nf3 d5 4. Nc3 Be7 5. Bg5 O-O 6. e3 Nbd7 7. Rc1 a6 8. cxd5
exd5 9. Bd3 c6 10. Qc2 Re8 11. O-O Nf8 12. Rfe1 Ng6 13. Ne5 Ng4 14. Bxe7 Qxe7
15. Nxg6 hxg6 16. f3 Nf6 17. Na4 Be6 18. Nc5 Qc7 19. b4 Re7 20. a4 Rae8 21. Qd2
Nd7 22. b5 Nxc5 23. Rxc5 axb5 24. axb5 Qd6 25. bxc6 bxc6 26. Qc3 Bd7 27. e4 Qf4
28. Bc2 g5 29. e5 Qh4 30. Ba4 Ra8 31. Bxc6 Ra3 32. Qd2 Rd3 33. Qxd3 Qxe1+ 34.
Qf1 Qd2 35. Bxd7 Qxd4+ 36. Qf2 1/2-1/2

[Event "24. OL Malta"]
[Site "Malta"]
[Date "1980.??.??"]
[Round "2.2"]
[White "Hoi, Carsten"]
[Black "Sosonko, Gennadi"]
[Result "1/2-1/2"]
[WhiteElo "2410"]
[BlackElo "2545"]
[PlyCount "34"]
[EventDate "1980.??.??"]
[WhiteTeam "Denmark"]
[BlackTeam "Netherlands"]

1. d4 Nf6 2. c4 e6 3. Nc3 Bb4 4. e3 c5 5. Nge2 cxd4 6. exd4 O-O 7. a3 Be7 8.
Nf4 d5 9. cxd5 Nxd5 10. Ncxd5 exd5 11. Bd3 Bg5 12. O-O Nc6 13. Be3 Bxf4 14.
Bxf4 Qh4 15. Be3 Be6 16. Rc1 Rac8 17. Qd2 h6 1/2-1/2

[Event "24. OL Malta"]
[Site "Malta"]
[Date "1980.??.??"]
[Round "2.4"]
[White "Hansen, Jacob Ost"]
[Black "Ligterink, Gert"]
[Result "1-0"]
[WhiteElo "2395"]
[BlackElo "2455"]
[PlyCount "69"]
[EventDate "1980.??.??"]
[WhiteTeam "Denmark"]
[BlackTeam "Netherlands"]

1. c4 e5 2. g3 Nf6 3. Bg2 c6 4. d4 exd4 5. Qxd4 d5 6. Nf3 Be7 7. cxd5 cxd5 8.
O-O Nc6 9. Qa4 O-O 10. Be3 Re8 11. Nc3 Bb4 12. Rad1 Rxe3 13. fxe3 Qe7 14. Nxd5
Nxd5 15. Rxd5 Be6 16. Rb5 Bc4 17. Rxb7 Qxb7 18. Nd4 Bd2 19. Qxc4 Bxe3+ 20. Kh1
Bxd4 21. Rxf7 Qb4 22. Qe6 Kh8 23. Bxc6 Rf8 24. Kg2 Bxb2 25. Qf5 Rxf7 26. Qxf7
Qb8 27. Be4 g6 28. h4 Bg7 29. Bd3 a5 30. h5 gxh5 31. Qxh5 Qa8+ 32. Kh2 h6 33.
Qf5 Kg8 34. Qh7+ Kf8 35. Bc4 1-0

[Event "24. OL Malta"]
[Site "Malta"]
[Date "1980.??.??"]
[Round "3.1"]
[White "Jakobsen, Ole"]
[Black "Ravi Sekhar, Raja"]
[Result "1/2-1/2"]
[WhiteElo "2410"]
[BlackElo "2325"]
[PlyCount "95"]
[EventDate "1980.??.??"]
[WhiteTeam "Denmark"]
[BlackTeam "India"]

1. d4 Nf6 2. c4 e6 3. Nc3 Bb4 4. Nf3 c5 5. g3 O-O 6. Bg2 d5 7. cxd5 Nxd5 8. Bd2
cxd4 9. Nxd5 Bxd2+ 10. Qxd2 Qxd5 11. Qxd4 Qa5+ 12. Qd2 Nc6 13. Qxa5 Nxa5 14.
Ne5 f6 15. b4 fxe5 16. bxa5 Rb8 17. O-O b6 18. axb6 Rxb6 19. Rfb1 Ba6 20. Rxb6
axb6 21. Rb1 Rd8 22. Bf3 Rd6 23. Rb4 Kf7 24. h4 Kf6 25. Kg2 h6 26. e3 Bd3 27.
Be4 Bxe4+ 28. Rxe4 b5 29. Kf3 Rd2 30. a4 bxa4 31. Rxa4 h5 32. Ra8 Kf7 33. Ra4
Kf6 34. g4 hxg4+ 35. Rxg4 g6 36. Ra4 Rb2 37. Kg3 Rc2 38. Kf3 Rb2 39. Ra1 Rb4
40. Rh1 Kf5 41. h5 gxh5 42. Rxh5+ Kf6 43. Rh8 Ra4 44. Rg8 Rb4 45. Rg4 Rxg4 46.
Kxg4 Kg6 47. e4 Kh6 48. Kh4 1/2-1/2

[Event "24. OL Malta"]
[Site "Malta"]
[Date "1980.??.??"]
[Round "3.2"]
[White "Khan, Mohamed Rafiq"]
[Black "Fedder, Steen"]
[Result "1-0"]
[WhiteElo "2220"]
[BlackElo "2410"]
[PlyCount "79"]
[EventDate "1980.??.??"]
[WhiteTeam "India"]
[BlackTeam "Denmark"]

1. d4 Nf6 2. Nf3 g6 3. g3 Bg7 4. Bg2 O-O 5. O-O d6 6. c4 c6 7. Nc3 Nbd7 8. Qc2
e5 9. Rd1 Re8 10. e4 exd4 11. Nxd4 Qb6 12. h3 a5 13. Be3 Qc7 14. Rd2 Nc5 15.
Nb3 Ne6 16. Rad1 Bf8 17. Na4 Nd7 18. f4 b6 19. Bf2 Rb8 20. Qc3 Rb7 21. Kh2 Qb8
22. Qf3 Rc7 23. Nc3 Ndc5 24. Nd4 Nxd4 25. Bxd4 f5 26. e5 Ne6 27. exd6 Bxd6 28.
Bxb6 Qxb6 29. Rxd6 Qxb2 30. Rb1 Qa3 31. Rxc6 Bb7 32. Rxb7 Rxb7 33. Qd5 Rbe7 34.
Nb5 Qe3 35. Nc7 Rxc7 36. Rxc7 Kh8 37. Rb7 Nc5 38. Rb5 Ne4 39. Rb3 Qa7 40. Qc6
1-0

[Event "24. OL Malta"]
[Site "Malta"]
[Date "1980.??.??"]
[Round "3.3"]
[White "Mortensen, Erling"]
[Black "Meetei, Ahanthem"]
[Result "1-0"]
[WhiteElo "2400"]
[BlackElo "2340"]
[PlyCount "45"]
[EventDate "1980.??.??"]
[WhiteTeam "Denmark"]
[BlackTeam "India"]

1. e4 c5 2. Nf3 e6 3. d4 cxd4 4. Nxd4 a6 5. Nc3 Qc7 6. Be2 Nf6 7. O-O b5 8. Bf3
Qe5 9. g3 g5 10. Bg2 b4 11. Nf3 Qa5 12. Bxg5 Ng4 13. Nd5 exd5 14. exd5 Bc5 15.
Qe2+ Kf8 16. Ne5 h5 17. Nxg4 hxg4 18. Rae1 Qb6 19. d6 Qxd6 20. Bxa8 Nc6 21.
Qxg4 Rg8 22. Qh5 Kg7 23. Bf4 1-0

[Event "24. OL Malta"]
[Site "Malta"]
[Date "1980.??.??"]
[Round "3.4"]
[White "Hassan, Mohamed"]
[Black "Hansen, Jacob Ost"]
[Result "1/2-1/2"]
[WhiteElo "2330"]
[BlackElo "2395"]
[PlyCount "85"]
[EventDate "1980.??.??"]
[WhiteTeam "India"]
[BlackTeam "Denmark"]

1. d4 Nf6 2. Nf3 g6 3. c4 Bg7 4. Nc3 O-O 5. e4 d6 6. Be2 e5 7. O-O Nc6 8. d5
Ne7 9. b4 Nh5 10. c5 Nf4 11. Be3 f5 12. cxd6 cxd6 13. Rc1 h6 14. Bc4 fxe4 15.
Nxe4 Bg4 16. Bxf4 Rxf4 17. Re1 Bxf3 18. gxf3 Nf5 19. Bf1 h5 20. Bg2 Nh4 21. Rc4
Bh6 22. Qd3 Qb6 23. Qe3 Qa6 24. Rec1 Raf8 25. Rc8 Qxa2 26. h3 Nf5 27. Qd3 Ne7
28. R8c7 Qxd5 29. Qxd5+ Nxd5 30. Rxb7 Rxe4 31. fxe4 Bxc1 32. exd5 Ba3 33. Be4
Rf7 34. Rb5 Kg7 35. f3 Rc7 36. Kg2 Kf6 37. Rb8 Kg7 38. b5 Bc5 39. Re8 Rf7 40.
Re6 Rf6 41. Re7+ Kh6 42. h4 Bb6 43. Kg3 1/2-1/2

[Event "24. OL Malta"]
[Site "Malta"]
[Date "1980.??.??"]
[Round "4.1"]
[White "Haik, Aldo"]
[Black "Hoi, Carsten"]
[Result "1-0"]
[WhiteElo "2440"]
[BlackElo "2410"]
[PlyCount "75"]
[EventDate "1980.??.??"]
[WhiteTeam "France"]
[BlackTeam "Denmark"]

1. d4 Nf6 2. c4 g6 3. Nc3 Bg7 4. Nf3 O-O 5. Bg5 d6 6. e3 Nbd7 7. h3 b6 8. Be2
Bb7 9. Qc2 h6 10. Bh4 Qe8 11. O-O e5 12. Rad1 Nh5 13. dxe5 Nxe5 14. Nd5 Bxd5
15. cxd5 Rc8 16. Nd4 Bf6 17. Bxf6 Nxf6 18. Ba6 Rd8 19. Nb5 Ned7 20. Bb7 Nc5 21.
Bc6 Qe5 22. Nxa7 g5 23. Bb5 Ra8 24. Nc6 Qe4 25. Qxe4 Nfxe4 26. a3 f5 27. f3 Ng3
28. Rfe1 Rf7 29. Kf2 Nh5 30. Nd4 Ng7 31. Bc6 Raf8 32. b4 Nd7 33. a4 Ne5 34. Bb5
h5 35. a5 g4 36. a6 h4 37. f4 Ng6 38. Bc6 1-0

[Event "24. OL Malta"]
[Site "Malta"]
[Date "1980.??.??"]
[Round "4.2"]
[White "Fedder, Steen"]
[Black "Giffard, Nicolas"]
[Result "1/2-1/2"]
[WhiteElo "2410"]
[BlackElo "2300"]
[PlyCount "59"]
[EventDate "1980.??.??"]
[WhiteTeam "Denmark"]
[BlackTeam "France"]

1. d4 Nf6 2. c4 c5 3. d5 g6 4. Nc3 Bg7 5. e4 O-O 6. Nf3 d6 7. Be2 Bg4 8. O-O a6
9. Ng5 Bxe2 10. Qxe2 h6 11. Nf3 Nbd7 12. h3 Qc7 13. Bf4 Rfe8 14. Bh2 e6 15.
dxe6 Rxe6 16. Qd3 Rae8 17. Rfe1 Qc6 18. Nd2 Nb6 19. Re2 Na4 20. Nxa4 Qxa4 21.
f3 Nd7 22. Nf1 b5 23. Ne3 Nb6 24. b3 bxc4 25. Nxc4 Qb5 26. Rd1 d5 27. Nxb6 Bd4+
28. Kh1 Qxb6 29. Bg1 dxe4 30. Rxe4 1/2-1/2

[Event "24. OL Malta"]
[Site "Malta"]
[Date "1980.??.??"]
[Round "4.3"]
[White "Seret, Jean Luc"]
[Black "Mortensen, Erling"]
[Result "1/2-1/2"]
[WhiteElo "2340"]
[BlackElo "2400"]
[PlyCount "114"]
[EventDate "1980.??.??"]
[WhiteTeam "France"]
[BlackTeam "Denmark"]

1. e4 c5 2. Nf3 e6 3. c3 d5 4. e5 d4 5. Bd3 Nc6 6. O-O Nge7 7. Re1 Ng6 8. Na3
Be7 9. Nc2 O-O 10. cxd4 cxd4 11. Bxg6 fxg6 12. d3 b6 13. Re4 Bb7 14. Bf4 Bc5
15. Bg3 Nb4 16. Nxb4 Bxe4 17. dxe4 Bxb4 18. Qb3 Bc5 19. Qxe6+ Kh8 20. Rd1 Qc8
21. Qb3 Qg4 22. Qd3 Rad8 23. h3 Qe6 24. a3 a5 25. Ng5 Qe7 26. f4 h6 27. Nf3 Qe8
28. f5 gxf5 29. exf5 Qh5 30. Nh4 Kg8 31. Rf1 Qg5 32. Rf4 Rfe8 33. f6 Rd7 34.
Kh2 Rxe5 35. Nf3 Re3 36. Nxg5 Rxd3 37. f7+ Rxf7 38. Nxf7 Rb3 39. Ne5 Rxb2 40.
Nd3 Rb3 41. Nxc5 bxc5 42. Rf5 Rxa3 43. Rxc5 Kf7 44. Be1 a4 45. Rd5 d3 46. Rd4
Ke6 47. Bg3 g5 48. h4 gxh4 49. Bf4 h5 50. Bh6 Kf7 51. Rxh4 Ra2 52. Rd4 Ra3 53.
g3 Ke7 54. Kh3 Kf7 55. Bf4 Kg6 56. Bd6 Rc3 57. Bf4 a3 1/2-1/2

[Event "24. OL Malta"]
[Site "Malta"]
[Date "1980.??.??"]
[Round "4.4"]
[White "Hansen, Jacob Ost"]
[Black "Goldenberg, Richard"]
[Result "1/2-1/2"]
[WhiteElo "2395"]
[BlackElo "2365"]
[PlyCount "25"]
[EventDate "1980.??.??"]
[WhiteTeam "Denmark"]
[BlackTeam "France"]

1. e4 e5 2. Nf3 Nc6 3. Bb5 f5 4. d3 fxe4 5. dxe4 Nf6 6. Qd3 Bc5 7. Nc3 d6 8.
Be3 Bxe3 9. fxe3 Bd7 10. O-O O-O 11. Rad1 Kh8 12. a3 Qe8 13. Rd2 1/2-1/2

[Event "24. OL Malta"]
[Site "Malta"]
[Date "1980.??.??"]
[Round "5.1"]
[White "Jakobsen, Ole"]
[Black "Gamarra, Caceres"]
[Result "1-0"]
[WhiteElo "2410"]
[BlackElo "2250"]
[PlyCount "55"]
[EventDate "1980.??.??"]
[WhiteTeam "Denmark"]
[BlackTeam "Paraguay"]

1. d4 Nf6 2. c4 e6 3. Nc3 Bb4 4. Nf3 b6 5. Bg5 h6 6. Bh4 Bb7 7. e3 O-O 8. Nd2
c5 9. a3 Bxc3 10. bxc3 d6 11. f3 Nbd7 12. e4 e5 13. d5 Qe8 14. g4 g6 15. Bd3
Kh7 16. Nf1 Ng8 17. Ne3 Bc8 18. Ra2 Ndf6 19. Rg2 Bd7 20. Qd2 a6 21. O-O g5 22.
Bg3 Ne7 23. h4 Ng6 24. hxg5 hxg5 25. Nf5 Nf4 26. Bxf4 gxf4 27. Rh2+ Kg8 28. Qg2
1-0

[Event "24. OL Malta"]
[Site "Malta"]
[Date "1980.??.??"]
[Round "5.2"]
[White "Ferreira, Oscar"]
[Black "Hoi, Carsten"]
[Result "1/2-1/2"]
[WhiteElo "2240"]
[BlackElo "2410"]
[PlyCount "81"]
[EventDate "1980.??.??"]
[WhiteTeam "Paraguay"]
[BlackTeam "Denmark"]

1. Nf3 g6 2. c4 Bg7 3. Nc3 Nf6 4. e4 d6 5. d4 O-O 6. h3 e5 7. dxe5 dxe5 8. Qxd8
Rxd8 9. Nd5 Nxd5 10. cxd5 c6 11. Bc4 cxd5 12. Bxd5 Nc6 13. Bxc6 bxc6 14. O-O
Be6 15. Bd2 Rab8 16. b3 f6 17. Rac1 Rbc8 18. Be3 Rd7 19. Rc2 Bf8 20. Rfc1 Rdc7
21. Bc5 Bh6 22. Rd1 Kf7 23. Kf1 Rb7 24. Ke2 a5 25. Rd3 Ra8 26. Bd6 a4 27. b4
Rd7 28. Bc5 Rxd3 29. Kxd3 a3 30. Kc3 Rd8 31. Nd2 Rxd2 32. Rxd2 Bxd2+ 33. Kxd2
f5 34. b5 cxb5 35. Bxa3 Bxa2 36. f3 Ke6 37. Ke3 Bc4 38. Bb4 h5 39. h4 Bf1 40.
g3 Bc4 41. Bc3 1/2-1/2

[Event "24. OL Malta"]
[Site "Malta"]
[Date "1980.??.??"]
[Round "5.3"]
[White "Fedder, Steen"]
[Black "Bogda, Alejandro"]
[Result "1/2-1/2"]
[WhiteElo "2410"]
[BlackElo "2270"]
[PlyCount "110"]
[EventDate "1980.??.??"]
[WhiteTeam "Denmark"]
[BlackTeam "Paraguay"]

1. d4 Nf6 2. c4 e6 3. Nf3 b6 4. Nc3 Bb7 5. Bg5 h6 6. Bh4 g5 7. Bg3 Bg7 8. e3
Ne4 9. Nxe4 Bxe4 10. Bd3 Bxd3 11. Qxd3 d6 12. h4 f5 13. hxg5 hxg5 14. Rxh8+
Bxh8 15. d5 Qf6 16. dxe6 Qxb2 17. Rd1 Qc3+ 18. Qxc3 Bxc3+ 19. Ke2 Bf6 20. Rd5
Ke7 21. Rxf5 Kxe6 22. Rd5 g4 23. Nh2 Nd7 24. Nxg4 Rg8 25. f3 Be7 26. Rh5 Nc5
27. Bh4 Bxh4 28. Rxh4 Rg7 29. e4 Kd7 30. Ke3 Kc6 31. f4 a5 32. f5 Nd7 33. Kf4
Kc5 34. Rh1 Kb4 35. g3 Ka3 36. Rh2 Nc5 37. f6 Ne6+ 38. Kf3 Rf7 39. e5 dxe5 40.
Ke4 Rh7 41. Rxh7 Ng5+ 42. Kxe5 Nxh7 43. Ne3 Kxa2 44. f7 Kb3 45. Kf5 a4 46. Kg6
Nf8+ 47. Kg7 Nd7 48. Ng4 a3 49. Ne5 Nf8 50. Kxf8 a2 51. Kg8 a1=Q 52. Nf3 Qf6
53. f8=Q Qg6+ 54. Kh8 Qxg3 55. Qf7 Kb4 1/2-1/2

[Event "24. OL Malta"]
[Site "Malta"]
[Date "1980.??.??"]
[Round "6.1"]
[White "Rogers, Ian"]
[Black "Jakobsen, Ole"]
[Result "1-0"]
[WhiteElo "2345"]
[BlackElo "2410"]
[PlyCount "97"]
[EventDate "1980.??.??"]
[WhiteTeam "Australia"]
[BlackTeam "Denmark"]

1. c4 e5 2. Nc3 Nf6 3. Nf3 Nc6 4. e3 Be7 5. d3 O-O 6. a3 d6 7. b4 Bg4 8. Be2
Re8 9. O-O Bf8 10. Bb2 Ne7 11. Rc1 Ng6 12. Nd5 c6 13. Nxf6+ Qxf6 14. g3 h5 15.
h4 Qf5 16. e4 Qd7 17. Nh2 Bxe2 18. Qxe2 a5 19. Qxh5 axb4 20. axb4 d5 21. c5 Ra2
22. Qe2 dxe4 23. dxe4 Qd4 24. Bxd4 Rxe2 25. Be3 f5 26. exf5 Ne7 27. g4 Nd5 28.
Rfe1 Rxe1+ 29. Rxe1 Nxb4 30. Rb1 Nd5 31. Rxb7 Nxe3 32. fxe3 Bxc5 33. Kf2 e4 34.
Nf1 Ra8 35. Rb2 Be7 36. g5 Rf8 37. Ng3 Bd6 38. Nxe4 Rxf5+ 39. Ke2 Be7 40. Rb7
Re5 41. Kf3 g6 42. Nf2 Rf5+ 43. Ke4 Rxf2 44. Rxe7 c5 45. Kd5 Kf8 46. Re4 Rc2
47. Rc4 Re2 48. Rf4+ Kg7 49. e4 1-0

[Event "24. OL Malta"]
[Site "Malta"]
[Date "1980.??.??"]
[Round "6.2"]
[White "Hoi, Carsten"]
[Black "Jamieson, Robert Murray"]
[Result "1/2-1/2"]
[WhiteElo "2410"]
[BlackElo "2415"]
[PlyCount "89"]
[EventDate "1980.??.??"]
[WhiteTeam "Denmark"]
[BlackTeam "Australia"]

1. Nf3 d5 2. d4 Nf6 3. c4 c6 4. e3 g6 5. Nc3 Bg7 6. Bd3 O-O 7. O-O Bf5 8. b3
Nbd7 9. Bb2 Rc8 10. Qc2 e6 11. e4 dxe4 12. Nxe4 Nxe4 13. Bxe4 Qa5 14. Rfd1 Rfd8
15. Bxf5 Qxf5 16. Qe2 b5 17. Rac1 bxc4 18. bxc4 Qa5 19. Rc2 Nb6 20. Nd2 Na4 21.
Ba1 Qf5 22. Nf1 Nb6 23. Ng3 Qf4 24. Ne4 Qc7 25. Qf3 Qe7 26. Bb2 f5 27. Nc5 e5
28. Qe2 Re8 29. Re1 Qf8 30. Qd2 exd4 31. Ne6 Rxe6 32. Rxe6 Qf7 33. Qe1 d3 34.
Rd2 Bxb2 35. Rxb2 Nxc4 36. Re7 Nxb2 37. Rxf7 Kxf7 38. Qa5 Re8 39. Kf1 Re7 40.
Qc3 Re2 41. Qxc6 Rc2 42. Qd7+ Kf8 43. Qd8+ Kf7 44. Qd7+ Kf8 45. Qd8+ 1/2-1/2

[Event "24. OL Malta"]
[Site "Malta"]
[Date "1980.??.??"]
[Round "6.4"]
[White "Mortensen, Erling"]
[Black "Shaw, Terrey"]
[Result "1-0"]
[WhiteElo "2400"]
[BlackElo "2330"]
[PlyCount "163"]
[EventDate "1980.??.??"]
[WhiteTeam "Denmark"]
[BlackTeam "Australia"]

1. e4 e5 2. Nf3 Nc6 3. Bb5 a6 4. Ba4 Nf6 5. O-O Be7 6. Re1 b5 7. Bb3 d6 8. c3
O-O 9. h3 Na5 10. Bc2 c5 11. d4 Qc7 12. Nbd2 Nc6 13. d5 Nd8 14. a4 Rb8 15. b4
Bd7 16. axb5 axb5 17. Nf1 Ne8 18. Be3 g6 19. Ra6 Bc8 20. Ra2 f6 21. Qe2 Nf7 22.
Rea1 Ng7 23. Ra7 Rb7 24. Rxb7 Qxb7 25. bxc5 dxc5 26. c4 b4 27. N3d2 Bd7 28. Nb3
Qb6 29. f3 Nd8 30. Bd1 Nb7 31. Qa2 Rc8 32. Qa7 Qc7 33. Nfd2 Ne8 34. Na5 Nd8 35.
Qxc7 Rxc7 36. Nab3 Kf7 37. Kf1 Bd6 38. Ke2 Ke7 39. Kd3 Ng7 40. g4 Ne8 41. Ra4
Nb7 42. Ra7 f5 43. Nc1 f4 44. Bf2 h6 45. Ba4 Nd8 46. Ra8 Bxa4 47. Rxa4 Nf6 48.
Kc2 Nd7 49. Nd3 Nb7 50. Kb3 Rc8 51. Ra7 Rb8 52. Ka4 Ke8 53. Ra6 Ke7 54. h4 Nd8
55. Kb3 Nb7 56. Kc2 Nd8 57. Nb3 Rc8 58. Ra5 Nb7 59. Ra7 Rc7 60. Na5 Nxa5 61.
Rxa5 g5 62. h5 Rc8 63. Kb3 Kd8 64. Ra6 Ke7 65. Nb2 Nf6 66. Na4 Nd7 67. Bg1 Rb8
68. Bf2 Rc8 69. Kb2 Rb8 70. Rc6 Ra8 71. Bxc5 Nxc5 72. Nxc5 Bxc5 73. Rxc5 Ra3
74. Rc6 Rxf3 75. Rxh6 Re3 76. Re6+ Kd7 77. Rxe5 f3 78. Rxg5 Rxe4 79. Rf5 Rxc4
80. g5 Rh4 81. g6 f2 82. g7 1-0

[Event "24. OL Malta"]
[Site "Malta"]
[Date "1980.??.??"]
[Round "7.1"]
[White "Jakobsen, Ole"]
[Black "Muco, Fatos"]
[Result "1/2-1/2"]
[WhiteElo "2410"]
[BlackElo "2440"]
[PlyCount "2"]
[EventDate "1980.??.??"]
[WhiteTeam "Denmark"]
[BlackTeam "Albania"]

1.d4 Nf6 2.c4 e6 3.Nc3 d5 4.Bg5 Nbd7 5.e3 c6 6.cxd5 exd5 7.Nf3 Be7 8.Qc2
O-O 9.Bd3 Re8 10.O-O h6 11.Bh4 Ne4 12.Bg3 Nxg3 13.hxg3 Bd6 14.Rab1 Qe7 15.
a3 Nf6 16.Rfe1 Bd7 17.b4 a5 18.bxa5 Reb8 19.e4 dxe4 20.Nxe4 Nxe4 21.Bxe4
Qd8 22.Ne5 Rxa5 23.Nc4 Be6 1/2-1/2

[Event "24. OL Malta"]
[Site "Malta"]
[Date "1980.??.??"]
[Round "7.2"]
[White "Adhami, Vangjel"]
[Black "Hoi, Carsten"]
[Result "1/2-1/2"]
[WhiteElo "2335"]
[BlackElo "2410"]
[PlyCount "2"]
[EventDate "1980.??.??"]
[WhiteTeam "Albania"]
[BlackTeam "Denmark"]

1.e4 d6 2.d4 Nf6 3.Nc3 g6 4.Nf3 Bg7 5.h3 O-O 6.Bd3 Nc6 7.a3 e5 8.dxe5 dxe5
9.O-O h6 10.Be3 Qe7 11.Qd2 Kh7 12.Rae1 Be6 13.Qc1 Rad8 14.b4 b6 15.Ne2 Ne8
16.Ng3 a5 17.b5 Nd4 18.Nxd4 exd4 19.Bd2 Nd6 20.Nf5 Bxf5 21.exf5 Qd7 22.
fxg6+ fxg6 23.Qd1 Nb7 24.Qh5 Rf6 25.Qh4 Rdf8 26.Re4 Nc5 27.Rxd4 Rd6 28.
Rxd6 Qxd6 29.Re1 Nxd3 30.cxd3 Rf7 31.Qc4 Rd7 32.Re8 Qd5 33.Bf4 g5 34.Bg3
h5 35.Re4 Qxc4 36.Rxc4 h4 37.Bxc7 Rxd3 38.Bxb6 Rxa3 39.Bd4 Bxd4 40.Rxd4
Ra1+ 41.Kh2 Rb1 1/2-1/2

[Event "24. OL Malta"]
[Site "Malta"]
[Date "1980.??.??"]
[Round "8.1"]
[White "Helmers, Knut"]
[Black "Jakobsen, Ole"]
[Result "1/2-1/2"]
[WhiteElo "2405"]
[BlackElo "2410"]
[PlyCount "44"]
[EventDate "1980.??.??"]
[WhiteTeam "Norway"]
[BlackTeam "Denmark"]

1. Nf3 Nf6 2. c4 b6 3. g3 Bb7 4. Bg2 c5 5. O-O g6 6. b3 Bg7 7. Bb2 O-O 8. d4
cxd4 9. Qxd4 d6 10. Nc3 Nbd7 11. Rfd1 a6 12. Ne1 Bxg2 13. Nxg2 Qb8 14. Ne3 Qb7
15. Ncd5 Rfe8 16. Rac1 Rac8 17. Qd2 h5 18. Nxf6+ Nxf6 19. Nd5 Nxd5 20. Bxg7 Ne3
21. Qxe3 Kxg7 22. Rd5 b5 1/2-1/2

[Event "24. OL Malta"]
[Site "Malta"]
[Date "1980.??.??"]
[Round "8.2"]
[White "Hoi, Carsten"]
[Black "Hoen, Ragnar"]
[Result "1/2-1/2"]
[WhiteElo "2410"]
[BlackElo "2395"]
[PlyCount "81"]
[EventDate "1980.??.??"]
[WhiteTeam "Denmark"]
[BlackTeam "Norway"]

1. d4 Nf6 2. c4 e6 3. Nc3 d5 4. Bg5 Be7 5. e3 O-O 6. Rc1 c6 7. Nf3 Nbd7 8. Bd3
dxc4 9. Bxc4 Nd5 10. Bxe7 Qxe7 11. Ne4 N5f6 12. Ng3 Qb4+ 13. Qd2 Qxd2+ 14. Kxd2
c5 15. Ke2 cxd4 16. Nxd4 Ne5 17. Bb5 a6 18. Ba4 b5 19. Bb3 Bb7 20. f3 Rfd8 21.
Rhd1 g6 22. Rc5 Bd5 23. e4 Bxb3 24. axb3 Ned7 25. Rc7 Ne8 26. Rcc1 Ndf6 27. Nf1
Kf8 28. Ne3 Rac8 29. Rxc8 Rxc8 30. b4 Nc7 31. Rc1 Nfe8 32. Ng4 Ra8 33. Nb3 Rd8
34. Ne5 Rd6 35. Ke3 f6 36. Nd3 e5 37. Nbc5 Ke7 38. g3 Ne6 39. f4 exf4+ 40. Nxf4
Rc6 41. b3 1/2-1/2

[Event "24. OL Malta"]
[Site "Malta"]
[Date "1980.??.??"]
[Round "8.3"]
[White "Moen, Ole Christian"]
[Black "Fedder, Steen"]
[Result "0-1"]
[WhiteElo "2245"]
[BlackElo "2410"]
[PlyCount "74"]
[EventDate "1980.??.??"]
[WhiteTeam "Norway"]
[BlackTeam "Denmark"]

1. e4 c5 2. Nf3 d6 3. d4 cxd4 4. Nxd4 Nf6 5. Nc3 a6 6. Bd3 e6 7. f4 b5 8. Nf3
Bb7 9. e5 dxe5 10. fxe5 Nd5 11. Ne4 Nb4 12. Nd6+ Bxd6 13. exd6 Nd7 14. Be3
Nxd3+ 15. Qxd3 Bxf3 16. gxf3 Qh4+ 17. Ke2 O-O 18. Rag1 Rac8 19. Rg4 Qf6 20.
Rhg1 g6 21. c3 Rc6 22. h4 Qe5 23. Rd4 Qh2+ 24. Bf2 Rfc8 25. Rg5 Rc5 26. a4 Rd5
27. axb5 axb5 28. Rdxd5 exd5 29. Qxd5 Qh3 30. Rg3 Re8+ 31. Kd2 Qf1 32. Be3 Rxe3
33. Kxe3 Qe1+ 34. Kf4 Qc1+ 35. Ke4 Nf6+ 36. Ke5 Nxd5 37. d7 Qf4+ 0-1

[Event "24. OL Malta"]
[Site "Malta"]
[Date "1980.??.??"]
[Round "8.4"]
[White "Hansen, Jacob Ost"]
[Black "Tiller, Bjorn"]
[Result "1/2-1/2"]
[WhiteElo "2395"]
[BlackElo "2300"]
[PlyCount "71"]
[EventDate "1980.??.??"]
[WhiteTeam "Denmark"]
[BlackTeam "Norway"]

1. g3 Nf6 2. Bg2 e6 3. Nf3 c5 4. O-O Nc6 5. d3 Be7 6. e4 d6 7. Re1 O-O 8. c3
Bd7 9. a3 Rc8 10. Nbd2 b5 11. b3 Ne5 12. Bf1 Bc6 13. Bb2 Qc7 14. d4 Nxf3+ 15.
Qxf3 cxd4 16. cxd4 d5 17. e5 Ne4 18. Qe3 Nxd2 19. Qxd2 Bd7 20. Rec1 Qb7 21. Bc3
f6 22. exf6 Rxf6 23. Bb4 Re8 24. Bxe7 Rxe7 25. f4 h6 26. Re1 Be8 27. Bg2 Bg6
28. Rac1 Bf5 29. Rc5 Kh7 30. Rec1 Rd7 31. Qe3 Rff7 32. Qe5 Qa6 33. Ra1 b4 34.
Bf1 Bd3 35. Qe1 Bxf1 36. Qxf1 1/2-1/2

[Event "24. OL Malta"]
[Site "Malta"]
[Date "1980.??.??"]
[Round "9.1"]
[White "Jakobsen, Ole"]
[Black "Liu, Wenzhe"]
[Result "1/2-1/2"]
[WhiteElo "2410"]
[BlackElo "2430"]
[PlyCount "107"]
[EventDate "1980.??.??"]
[WhiteTeam "Denmark"]
[BlackTeam "China"]

1. d4 c5 2. d5 Nf6 3. Nc3 g6 4. e4 d6 5. Nf3 Bg7 6. Be2 O-O 7. O-O Na6 8. Nd2
Nc7 9. a4 Bd7 10. Nc4 b6 11. Bf4 Be8 12. Qd2 b5 13. axb5 Nxb5 14. Nxb5 Bxb5 15.
f3 Nh5 16. Bh6 Bxc4 17. Bxc4 Bxb2 18. Bxf8 Bxa1 19. Bxe7 Bd4+ 20. Qxd4 Qxe7 21.
Qb2 a5 22. Ra1 Qf6 23. Qxf6 Nxf6 24. Bb5 Kf8 25. Kf2 Ke7 26. Ke3 Nd7 27. Kd3
Ne5+ 28. Kc3 g5 29. Kb3 f5 30. exf5 Kf6 31. Ka4 Kxf5 32. Re1 h5 33. Bc6 Rb8 34.
Kxa5 Rb2 35. Re2 h4 36. Ka6 h3 37. gxh3 Kf4 38. Rg2 Nxf3 39. Rg4+ Ke3 40. Rg2
c4 41. Bb5 c3 42. Bd3 Ne5 43. Bh7 Kd4 44. Rxg5 Kxd5 45. Rg3 Kc4 46. h4 d5 47.
h5 d4 48. Rg5 d3 49. Rxe5 Rxc2 50. Bg8+ Kb4 51. Rb5+ Ka3 52. h6 Rxh2 53. Ra5+
Kb4 54. Rb5+ 1/2-1/2

[Event "24. OL Malta"]
[Site "Malta"]
[Date "1980.??.??"]
[Round "9.2"]
[White "Qi, Jingxuan"]
[Black "Fedder, Steen"]
[Result "1/2-1/2"]
[WhiteElo "2405"]
[BlackElo "2410"]
[PlyCount "76"]
[EventDate "1980.??.??"]
[WhiteTeam "China"]
[BlackTeam "Denmark"]

1. e4 c5 2. Nf3 d6 3. d4 cxd4 4. Nxd4 Nf6 5. Nc3 a6 6. Be3 e6 7. f4 b5 8. Bd3
Bb7 9. Qf3 Nbd7 10. g4 Nc5 11. g5 b4 12. gxf6 bxc3 13. fxg7 Bxg7 14. bxc3 Qa5
15. Bd2 O-O-O 16. Rg1 Rhg8 17. Qe3 Bf6 18. Ke2 Na4 19. Rxg8 Rxg8 20. Rg1 Qh5+
21. Nf3 Rg4 22. Rxg4 Qxg4 23. Qg1 Qxg1 24. Nxg1 Nxc3+ 25. Bxc3 Bxc3 26. Nf3 h6
27. h4 a5 28. h5 Kc7 29. Nh2 d5 30. e5 f5 31. Bb5 Bb2 32. Nf3 Bc1 33. Nd4 Kb6
34. Bd7 Bxf4 35. Bxe6 Bxe5 36. Nxf5 Bf4 37. c4 dxc4 38. Bxc4 Kc5 1/2-1/2